The Teesta on the run : (Record no. 165051)
[ view plain ]
| 000 -LEADER | |
|---|---|
| fixed length control field | 00783nam a22002177a 4500 |
| 005 - DATE AND TIME OF LATEST TRANSACTION | |
| control field | 20190604122713.0 |
| 010 ## - LCCN (DPL NO) | |
| LC control number | ENG-125468 |
| 020 ## - INTERNATIONAL STANDARD BOOK NUMBER | |
| International Standard Book Number | 9382216138 |
| Terms of availability | 300.00 |
| 035 ## - SYSTEM CONTROL NUMBER | |
| System control number | EN-109000 |
| 037 ## - SOURCE OF ACQUISITION | |
| Source of stock number/acquisition | DBAD/PUB |
| 082 ## - DEWEY DECIMAL CLASSIFICATION NUMBER | |
| Classification number | 362.870954167 |
| 100 ## - MAIN ENTRY--PERSONAL NAME | |
| Personal name | Fernandes, Walter |
| 245 ## - TITLE STATEMENT | |
| Title | The Teesta on the run : |
| Remainder of title | development-induced displacement in Sikkim, 1975-2010 / |
| Statement of responsibility, etc | Walter Fernandes, George Thadathil, Bitopi Dutta. |
| 260 ## - PUBLICATION, DISTRIBUTION, ETC. (IMPRINT) | |
| Place of publication, distribution, etc | Assam |
| Name of publisher, distributor, etc | North Eastern Social Research Centre |
| Date of publication, distribution, etc | 2016 |
| 270 ## - ADDRESS | |
| Address | Jagriti 2nd Floor |
| City | Guwahati, Assam |
| Postal code | 781005 |
| Electronic mail address | nesrcghy@gmail.com |
| 300 ## - PHYSICAL DESCRIPTION | |
| Extent | 352 pages. |
| Dimensions | 22cm.(Hb) |
| 500 ## - GENERAL NOTE | |
| General note | Includes bibliographical references and index. |
| 700 ## - ADDED ENTRY--PERSONAL NAME | |
| Personal name | Thadathil, George |
| 700 ## - ADDED ENTRY--PERSONAL NAME | |
| Personal name | Dutta, Bitopi |
| 942 ## - ADDED ENTRY ELEMENTS (KOHA) | |
| Source of classification or shelving scheme | Dewey Decimal Classification |
| Item type | English Books |
| Classification part | 362.8709 |
| Call number suffix | FER |
| Withdrawn status | Lost status | Not for loan | Collection code | Home library | Current library | Date acquired | Source of acquisition | Cost, normal purchase price | Full call number | Barcode | Copy number | Cost, replacement price | Koha item type |
|---|---|---|---|---|---|---|---|---|---|---|---|---|---|
| Non-fiction | Bawana | Bawana | 04/06/2019 | DBAD/PUB | 300.00 | 362.8709 FER | EN-109000 | 1 | 300.00 | English Books |
